Révolution française 6) - Statistiques

Statistiques générales
  • Ce quiz a été pris 11 fois
  • Le résultat moyen est 5 sur 9
Statistiques - réponses
Hint Réponse % Correct
coup d'état de Bonaparte 10 novembre 1799
100%
arrivé de Bonaparte à Alexandrie 1 juillet 1798
100%
les deux Conseils sont transférés à Saint-Cloud par Bonaparte 9 novembre 1799
100%
nouvelle constitution en vigueur 25 décembre 1799
75%
la Constitution du Consulat (AN VIII) adoptée 13 décembre 1799
25%
loi Jourdan-Delbrel 5 septembre 1798
25%
Bonaparte débarque à Fréjus 9 octobre 1799
25%
Sieyès devient Directeur printemps 1799
25%
élections des députés néo-jacobins mars 1798
0%
Aucun quiz correspondant
Distribution des résultats
% des personnes avec chaque résultat
Percentile par nombre de réponses
Votre historique - résultats
Vous n’avez pas pris ce quiz